| Tag |
First Indicator |
Second Indicator |
Subfields |
| LEADER |
00000cam a2200000Ia 4500 |
| 001 |
in00003445430 |
| 005 |
20151206101349.0 |
| 008 |
070525s2007 nyua 6 000 | eng d |
| 020 |
|
|
|a 9781401215071
|
| 020 |
|
|
|a 1401215076
|
| 035 |
|
|
|a (OCoLC)ocn154794822
|
| 035 |
|
|
|a (OCoLC)154794822
|
| 040 |
|
|
|a BTCTA
|c BTCTA
|d BAKER
|d OCO
|d VP@
|d OCL
|d CQU
|d VUE
|d BDX
|d OCLCF
|d UtOrBLW
|
| 049 |
|
|
|a TXAM
|
| 050 |
1 |
4 |
|a PN6727
|b .G74 2007
|
| 082 |
0 |
4 |
|a 741.5973
|2 22
|
| 090 |
|
|
|a PN6728.G742
|b G54 2007
|
| 100 |
1 |
|
|a Gibbons, Dave,
|d 1949-
|
| 245 |
1 |
0 |
|a Green Lantern Corps :
|b a darker shade of green /
|c Dave Gibbons, Keith Champagne, writers ; Patrick Gleason, Dave Gibbons, Tom Nguyen, pencils.
|
| 246 |
3 |
0 |
|a Darker shade of green
|
| 264 |
|
1 |
|a New York, NY :
|b DC Comics,
|c [2007]
|
| 264 |
|
4 |
|c ©2007
|
| 300 |
|
|
|a 163 pages :
|b chiefly color illustrations ;
|c 26 cm.
|
| 336 |
|
|
|a text
|b txt
|2 rdacontent
|
| 337 |
|
|
|a unmediated
|b n
|2 rdamedia
|
| 338 |
|
|
|a volume
|b nc
|2 rdacarrier
|
| 500 |
|
|
|a Originally published in single magazine form as Green Lantern Corps (2006) 7-13.
|
| 520 |
|
|
|a Honor Guardsman Guy Gardner investigates the living planet Mogo, which was once a sanctuary for the Green Lantern Corps, but it now turns them hostile against one another.
|
| 650 |
|
0 |
|a Green Lantern (Fictitious character)
|v Comic books, strips, etc.
|
| 650 |
|
0 |
|a Life on other planets
|v Comic books, strips, etc.
|
| 650 |
|
0 |
|a Good and evil
|v Comic books, strips, etc.
|
| 650 |
|
7 |
|a Good and evil.
|2 fast
|0 (OCoLC)fst00944894
|
| 650 |
|
7 |
|a Green Lantern (Fictitious character)
|2 fast
|0 (OCoLC)fst01763462
|
| 650 |
|
7 |
|a Life on other planets.
|2 fast
|0 (OCoLC)fst00998301
|
| 655 |
|
7 |
|a Comic books, strips, etc.
|2 fast
|0 (OCoLC)fst01423722
|
| 700 |
1 |
|
|a Champagne, Keith.
|
| 700 |
1 |
|
|a Gleason, Patrick.
|
| 700 |
1 |
|
|a Nguyen, Tom.
|
| 948 |
|
|
|a cataloged
|b h
|c 2015/2/27
|d c
|e cproctor
|f 9:57:14 AM
|
| 994 |
|
|
|a C0
|b TXA
|
| 999 |
|
|
|a MARS
|
| 999 |
f |
f |
|s 5aafd0f4-cae3-3da1-b97c-87b82e65d55a
|i 4b46e6ac-6986-374a-9951-07155fb09eb8
|t 0
|
| 952 |
f |
f |
|p normal
|a Texas A&M University
|b College Station
|c Sterling C. Evans Library
|d Evans: Library Stacks
|t 0
|e PN6728.G742 G54 2007
|h Library of Congress classification
|i unmediated -- volume
|m A14843034795
|
| 998 |
f |
f |
|a PN6728.G742 G54 2007
|t 0
|l Evans: Library Stacks
|